Japan Geography by Letter - Y - Statistics

General Stats
  • This quiz has been taken 83 times
    46 since last reset
  • The average score is 4 of 11
Answer Stats
Hint Answer % Correct
One of Japan's biggest cities Yokohama
95%
Westernmost Prefecture in Honshu Yamaguchi
50%
Prefecture in Tohoku Yamagata
48%
Prefecture to the West of Tokyo Yamanashi
48%
Circular train line in Tokyo Yamanote
48%
Near ^ and has a US Naval Base Yokosuka
35%
City in Tottori Prefecture. Has an airport Yonago
30%
Hokkaido City famous for its melons Yubari
23%
Area of Central Tokyo and Name of Tokyo Subway Line Yurakucho
23%
City near Osaka Yao
20%
Port City in Southern Ehime Yawatahama
15%
No matching quizzes found
Score Distribution
Percent of People with Each Score
Percentile by Number Answered
Your Score History
You have not taken this quiz since the last reset